00259nam a22000617a 4500008004100000100001800041245013800059170706b xxu||||| |||| 00| 0 eng d aOmondi Vivian aEvaluation of constraints to participation of individual household investors in the stock market a case study Nairobi stock exchange